Central Library OPAC University of Rajshahi

The social welfare forum, 1976 : (Record no. 49544)

MARC details
000 -LEADER
fixed length control field 00888nas a2200229 a 4500
001 - CONTROL NUMBER
control field 49544
003 - CONTROL NUMBER IDENTIFIER
rucl marc code BD-RjUL
005 - DATE AND TIME OF LATEST TRANSACTION
control field 20211209054707.0
008 - FIXED-LENGTH DATA ELEMENTS--GENERAL INFORMATION
fixed length control field 160821s1977 nyuar i 0 |eng d
035 ## - SYSTEM CONTROL NUMBER
System control number (BD-RjUL)49663
040 ## - CATALOGING SOURCE
Original cataloging agency BD-RjUL
Language of cataloging eng
Transcribing agency BD-RjUL
Modifying agency BD-RjUL
041 ## - LANGUAGE CODE
Language code of text/sound track or separate title eng
082 ## - DEWEY DECIMAL CLASSIFICATION NUMBER
Edition number 23
Classification number 362.973
Author mark and year SOC 1977
111 2# - MAIN ENTRY--MEETING NAME
Meeting name or jurisdiction name as entry element National Conference on Social Welfare.
9 (RLIN) 148614
245 14 - TITLE STATEMENT
Title The social welfare forum, 1976 :
Remainder of title official proceedings, 103rd Annual Forum, National Conference on Social Welfare, Washington, D.C., June 13-June 17, 1976. /
Statement of responsibility, etc. National Conference on Social Welfare.
260 ## - PUBLICATION, DISTRIBUTION, ETC. (IMPRINT)
Place of publication, distribution, etc. New York :
Name of publisher, distributor, etc. Columbia University Press,
Date of publication, distribution, etc. 1977
300 ## - PHYSICAL DESCRIPTION
Pagination xiv, 271 p. ;
Size 24 cm.
500 ## - GENERAL NOTE
General note Include index
650 #0 - SUBJECT ADDED ENTRY--TOPICAL TERM
Topical term or geographic name as entry element Social service
Geographic subdivision United States
Form subdivision Congresses.
9 (RLIN) 148615
Topical term or geographic name as entry element Social work administration
Geographic subdivision United States
Form subdivision Congresses.
9 (RLIN) 148616
942 ## - ADDED ENTRY ELEMENTS (KOHA)
Source of classification or shelving scheme Dewey Decimal Classification
Koha item type Books
Holdings
Lost status Source of classification or shelving scheme Damaged status Not for loan Collection code Permanent Location Current Location Shelving location Date acquired Source of acquisition Cost, normal purchase price Total Checkouts Full call number Date last seen Copy number Koha item type
  Dewey Decimal Classification     Non-fiction Central Library, University of Rajshahi Central Library, University of Rajshahi   20/12/1997 Aligor Library, Rajshahi 10.95   362.973 SOC 1977 21/08/2016 C-2 Books